| 000 -LEADER |
| fixed length control field |
00927nam a22002057a 4500 |
| 005 - DATE AND TIME OF LATEST TRANSACTION |
| control field |
20191104120229.0 |
| 008 - FIXED-LENGTH DATA ELEMENTS--GENERAL INFORMATION |
| fixed length control field |
191104s2012 ge ||||| |||| 00| 0 eng d |
| 020 ## - INTERNATIONAL STANDARD BOOK NUMBER |
| International Standard Book Number |
9789941434099 |
| 041 ## - LANGUAGE CODE |
| Language code of text/sound track or separate title |
eng |
| 080 ## - UNIVERSAL DECIMAL CLASSIFICATION NUMBER |
| Universal Decimal Classification number |
371.11(479.223) D-53 |
| 100 ## - MAIN ENTRY--PERSONAL NAME |
| Personal name |
Diasamidze, A. (Asmat) |
| 9 (RLIN) |
5235 |
| 245 ## - TITLE STATEMENT |
| Title |
Strategies of modern school management : |
| Remainder of title |
(on the example of Adjarian Autonomous Rep. Public Schools) Specialty-Pedagogic theory and history : Herald / |
| Statement of responsibility, etc. |
Asmat Diasamidze ; res. superv. Yuri Bibileishvili. |
| 300 ## - PHYSICAL DESCRIPTION |
| Extent |
23 p. ; |
| Other physical details |
20 cm. |
| 500 ## - GENERAL NOTE |
| General note |
ბიბლიოგრ. გვ. 23. |
| 653 ## - INDEX TERM--UNCONTROLLED |
| keyword |
პედაგოგიკა |
| 653 ## - INDEX TERM--UNCONTROLLED |
| keyword |
სკოლის მართვა საქართველოში |
| 700 ## - ADDED ENTRY--PERSONAL NAME |
| Personal name |
Bibileishvili, Yuri |
| Relator term |
რედაქტორი |
| 9 (RLIN) |
5236 |
| 710 ## - ADDED ENTRY--CORPORATE NAME |
| Corporate name or jurisdiction name as entry element |
Batumi Shota Rustaveli State Univ. |
| Subordinate unit |
Faculty of Educat. a. Sciences, Pedagogic Science depart. |
| 9 (RLIN) |
5237 |
| 942 ## - ADDED ENTRY ELEMENTS (KOHA) |
| Source of classification or shelving scheme |
|
| Koha item type |
წიგნი |